00483nam a2200133Ia 4500008004100000020001800041050002500059100002500084245009700109260003100206300002600237650004300263700004300306120721s9999 xx 000 0 und d a970-15-0041-5 aQA76.76063 F368 1998 aFerreyra C., Gonzalo aWindows 3.1 : incluye hasta la versión 3.11 / Gonzalo C. Ferreyra, Juan Carlos Espinosa H. aMéxico : Alfaomega, 1998 a171 p. : il. ; 23 cm. a1. Windows (programa para computadora) aI. Espinosa H., Juan Carlos, coaut.Ì